1932 1773 1563 1374 1379 1103 1312 1094 1401 1895 1850 1549 1738 1201 1957 1879 1569 1812 1765 1603 1690 1597 1398 1324 1494 1066 1731 1755 1118 1384 1369 1962 1913 1069 1959 1822 1378 1650 1110 1575 1193 1948 1255 1394 1660 1448 1039 1967 1183 1630 1708 1790 1871 1861 1414 1585 1076 1532 1236 1706 1703 1925 1563 1695 1927 1888 1778 1720 1117 1629 1016 1139 1748 1424 1597 1880 1283 1043 1695 1592 1063 1256 1157 1488 1557 1808 1331 1665 1619 1062 1219 1516 1745 1349 1297 1062 1422 1201 1295 BCNSPRNW ULIB Ver.6.0+V

เปลี่ยนเป็นภาษาไทย

Change to English
 แสดงรายละเอียดบรรณานุกรม
  กลับหน้าหลัก

Brief Record : Get Marc (ISO 2709) : E-mail record : QR code < ปิดหน้าต่าง
LEADER : 00000nam 2200000uu 4500
001    13399125594
003     ULIB
008    170702s2560||||th 000 0 tha d
020    ^a9786169129813
060 04 ^aWT100^bว837ก
100 0  ^aวีรศักดิ์ เมืองไพศาล
245 10 ^aการจัดการภาวะฉุกเฉินสำหรับผู้สูงอายุ=^bEmergency Management for the Elderly/^cวีรศักดิ์ เมืองไพศาล,บรรณาธิการ
250    ^aพิมพ์ครั้งที่ 2
260    ^aกรุงเทพฯ :^bสมาคมพฤฒาวิทยาและเวชศาสตร์ผู้สูงอายุไทย,^c2560
300    ^a238 หน้า :^bภาพประกอบ ;^c26 ซม.
650  7 ^aผู้สูงอายุ
650  7 ^aภาวะฉุกเฉิน^xผู้สูงอายุ
710 1  ^aสมาคมพฤฒาวิทยาและเวชศาสตร์ผู้สูงอายุไทย
945    ^p300^l0^i002528
945    ^p300^l0^i003449
945    ^p300^l0^i003450
945    ^p300^l0^i003451
945    ^p300^l0^i003452
945    ^p300^l0^i003453
รายการนี้ยังไม่มีแท็ก
คุณยังไม่ได้ล็อกอิน คุณสามารถมีกิจกรรมร่วมกับเว็บไซต์ได้ แต่ต้องล็อกอินก่อน ::
  ล็อกอิน

รายการสื่อสารสนเทศ

ลำดับที่ ประเภท เลขเรียก/บาร์โค้ด สถานที่ สถานะ
1. หนังสือสำรอง
หนังสือสำรอง
สถานะ=หนังสือสำรอง
WT100 ว837ก ฉ.1 
  Barcode: 002528
ห้องสมุดวิทยาเขตสวรรค์ประชารักษ์
►หนังสือทั่วไป
บนชั้น
2. วิทยาศาสตร์การแพทย์ และสุขภาพ
วิทยาศาสตร์การแพทย์ และสุขภาพ
WT100 ว837ก ฉ.2 
  Barcode: 003449
ห้องสมุดวิทยาเขตนครสวรรค์
►นวนิยาย:l:Fiction
บนชั้น
3. วิทยาศาสตร์การแพทย์ และสุขภาพ
วิทยาศาสตร์การแพทย์ และสุขภาพ
WT100 ว837ก ฉ.3 
  Barcode: 003450
ห้องสมุดวิทยาเขตนครสวรรค์
►นวนิยาย:l:Fiction
บนชั้น
4. วิทยาศาสตร์การแพทย์ และสุขภาพ
วิทยาศาสตร์การแพทย์ และสุขภาพ
WT100 ว837ก ฉ.4 
  Barcode: 003451
ห้องสมุดวิทยาเขตนครสวรรค์
►นวนิยาย:l:Fiction
บนชั้น
5. วิทยาศาสตร์การแพทย์ และสุขภาพ
วิทยาศาสตร์การแพทย์ และสุขภาพ
WT100 ว837ก ฉ.5 
  Barcode: 003452
ห้องสมุดวิทยาเขตนครสวรรค์
►นวนิยาย:l:Fiction
บนชั้น
6. วิทยาศาสตร์การแพทย์ และสุขภาพ
วิทยาศาสตร์การแพทย์ และสุขภาพ
WT100 ว837ก ฉ.6 
  Barcode: 003453
ห้องสมุดวิทยาเขตนครสวรรค์
►นวนิยาย:l:Fiction
บนชั้น

รายการใกล้เคียง
    ผู้แต่ง [วีรศักดิ์ เมืองไพศาล]

    หัวเรื่อง [ผู้สูงอายุ]

BibComment


ยังไม่เคยถูกคอมเมนท์

คอมเมนท์ทรัพยากรรายการนี้
  คอมเมนท์: การจัดการภาวะฉุก..


 Copyright 2026. Bcnsprnw @Library